• 首页
  • 本馆介绍
  • 公告通知
  • 最新文献
  • 馆藏检索
  • 电子资源
  • 读者导购
  • 参考咨询
  • 我的图书馆
  • 登录
  • 详细信息显示
  • 放入我的书架
  • 预约/预借图书
  • 作者相关作品
  • 分类相关作品
  • 丛书相关作品
  • 出版社相关作品

书目信息

  • 表格格式
  • 工作单格式
  • 卡片格式
题名:
最强大脑
    
 
作者: 静远 编著
分册:  
出版信息: 长春   吉林文史出版社有限责任公司  2019.09
页数: 120页
开本: 19cm
丛书名:
单 册:
中图分类: B80-49
科图分类:
主题词: 思维训练--通俗读物
电子资源:
ISBN: 978-7-5472-6484-3
000 00945nam0 2200253 450
001 012001000020
005 20141201094125.0
010    @a978-7-5472-6484-3@dCNY19.80
100    @a20220905d2019 em y0chiy50 ea
101 0  @achi
102    @aCN@b220000
105    @ay z 000yy
106    @ar
200 1  @a最强大脑@Azui qiang da nao@f静远编著
210    @a长春@c吉林文史出版社有限责任公司@d2019.09
215    @a120页@d19cm
312    @a封面副题名:思维提升的训练教程
330    @a本书精选了具有挑战性、趣味性与科学性的思维名题,列举了求异思维、急智思维、迂回思维、发散思维、转换思维、逻辑思维、形象思维、博弈思维等类型,同时将许多思维名题融于名人的轶事趣闻中,让读者能够体会这些人类思维的智慧沉淀。
517 1  @a思维提升的训练教程@Asi wei ti sheng de xun lian jiao cheng
606 0  @a思维训练@j通俗读物
690    @aB80-49@v5
701  0 @a静远@Ajing yuan@4编著
801  0 @aCN@bAHXH@c20221111
905    @b1361631-5@dB80-49@e184@f5
    
    最强大脑/静远编著.-长春:吉林文史出版社有限责任公司,2019.09
    120页;19cm
    
    
    ISBN 978-7-5472-6484-3:CNY19.80
    本书精选了具有挑战性、趣味性与科学性的思维名题,列举了求异思维、急智思维、迂回思维、发散思维、转换思维、逻辑思维、形象思维、博弈思维等类型,同时将许多思维名题融于名人的轶事趣闻中,让读者能够体会这些人类思维的智慧沉淀。
●
相关链接 在E读中查询图书 在五车中查询图书 在当当中查询图书 在豆瓣中查询图书


正题名:最强大脑     索取号:B80-49/184         预约/预借

序号 登录号 条形码 馆藏地/架位号 状态 备注
1 1361631   213616318   第一样本阅览室/ [索取号:B80-49/184] 在馆    
2 1361632   213616327   教育系资料室/ [索取号:B80-49/184] 在馆    
3 1361633   213616336   教育系资料室/ [索取号:B80-49/184] 在馆    
4 1361634   213616345   第一借阅区/ [索取号:B80-49/184] 在馆    
5 1361635   213616354   第一借阅区/ [索取号:B80-49/184] 在馆    
唐山师范学院图书馆 欢迎您!
大连网信软件有限公司© 版权所有